01005cam a22002173a 450000100060000000300060000600500170001200800410002904000150007004200070008505000070009210000340009924504380013326000290057150600300060051600200063065300370065070000290068783000290071685600420074521271PGUSA20140828083443.0070502s2007||||xxu|||||s|||||000 | eng d aPGUSAbeng adc 4aQH1 aColmenero de Ledesma, Antonio10aChocolate ;bor, An Indian Drinke : By the wise and Moderate use whereof, Health is preserved, Sicknesse Diverted, and Cured, especially the Plague of the Guts; vulgarly called The New Disease ; Fluxes, Consumptions, and Coughs of the Lungs, with sundry other desperate Diseases. By it also, Conception is Caused, the Birth Hastened and facilitated, Beauty Gain'd and continued.h[electronic resource] /cAntonio Colmenero de Ledesma bProject Gutenberg,c2007 aPublic domain in the USA. aElectronic text aChocolate -- Early works to 18001 aWadsworth, James,d1604- 0aProject Gutenbergv2127140uhttp://www.gutenberg.org/ebooks/21271